000 00468nam a2200193Ia 4500
008 151121s9999||||xx |||||||||||||| ||und||
082 _a922 /
082 _bHNW-67723
100 _aPublisher
245 _aSankara The Missionary
260 _bCentral Chinmaya Mission T। Bombay
260 _c--
300 _a215
600 _aPublisher
630 _aSankara The Missionary
700 _aPublisher
730 _aSankara The Missionary
942 _cBOOK
999 _c1249217
_d1249214